Charnières du XV de France sous Fabien Galthié. (2020 - ...) - Statistiques

Statistiques générales
  • Ce quiz a été pris 124 fois
  • Le résultat moyen est 9 sur 11
Statistiques - réponses
Joueur Poste % Correct
Antoine Dupont 9
100%
Romain Ntamack 10
99%
Maxime Lucu 9
97%
Matthieu Jalibert 10
93%
Thomas Ramos 10
92%
Baptiste Serin 9
88%
Nolann Le Garrec 9
87%
Baptiste Couilloud 9
78%
Antoine Hastoy 10
72%
Joris Segonds 10
46%
Louis Carbonel 10
35%
Aucun quiz correspondant
Distribution des résultats
% des personnes avec chaque résultat
Percentile par nombre de réponses
Votre historique - résultats
Vous n’avez pas pris ce quiz